Mitos y verdades de las AFP.

Wedi'i Gadw mewn:
Manylion Llyfryddiaeth
Prif Awdur: Matus, Alejandra (autora)
Fformat: Anhysbys
Cyhoeddwyd: Santiago, Chile: Aguilar; Penguin Random House, 2020.
Rhifyn:Cuarta edición
Pynciau:
Tagiau: Ychwanegu Tag
Dim Tagiau, Byddwch y cyntaf i dagio'r cofnod hwn!

MARC

LEADER 00000 a2200000 4500
003 CL-VaPUC
005 20240819124132.0
008 231204t2020 ||||| |||| 00| 0 eng d
999 |c 442473  |d 442471 
020 |a 978-956-9582-63-9 
040 |c Pontificia Universidad Católica de Valparaíso 
082 |2 22  |a 331.25240983 MAT 2017 
100 |a Matus, Alejandra  |9 541710  |e autora 
245 |a Mitos y verdades de las AFP. 
250 |a Cuarta edición 
260 |a Santiago, Chile:  |b Aguilar;  |b Penguin Random House,  |c 2020. 
300 |a 207 páginas. 
583 |k GC  |c 20231204 
650 0 |a Administradoras de Fondos de Pensiones (AFP)  |v Crítica e interpretación   |z Chile   |9 255319 
650 0 |9 255322  |a Seguridad social  |x Jubilación y pensiones   |v Aspectos políticos e históricos   |z Chile 
942 |2 ddc  |c BK 
952 |0 0  |1 0  |2 ddc  |4 0  |6 331_252409830000000_MAT_2017  |7 0  |8 A  |9 592718  |a BIBCUR  |b BIBCUR  |c GEN  |d 2023-12-01  |e 3  |g 10650.50  |i 5659687  |o 331.25240983 MAT 2017  |p 5659687  |r 2025-04-22  |t 2  |v 10650.50  |w 2023-12-01  |y BK  |k PER 
952 |0 0  |1 0  |2 ddc  |4 0  |6 331_252409830000000_MAT_2017  |7 0  |8 A  |9 592719  |a BIBCUR  |b BIBCUR  |c GEN  |d 2023-12-01  |e 3  |g 10650.50  |i 5659686  |o 331.25240983 MAT 2017  |p 5659686  |r 2025-04-22  |t 1  |v 10650.50  |w 2023-12-01  |y BK  |k PER